01009cam a22002895a 4500001001400000003000400014005001700018008004100035020001500076020001800091040004400109082002000153100002300173245003600196260007100232300003400303490004200337500002400379504003100403650005700434650002900491651001000520653002500530942000800555999001700563952013900580ssj0000459182OSt20160228130911.0091029s2010 enka frb 001 0 eng d a0335228739 a9780335228737 aCaPaEBRcCaPaEBRdWaSeSSdEG-ScBUEbeng04a302.23222bDWY1 aDwyer, Tim.93945310aMedia convergence :cTim Dwyer. aBerkshire :bOpen University Press / McGraw-Hill Education,c2010. axvi, 200 p. :bill. ;c24 cm.0 aIssues in cultural and media studies. aIndex : p. 193-200. aBibliography : p. 178-192. 7aMass mediaxTechnological innovations.2BUEsh937780 7aMass media.2BUEsh99699 2BUEsh bCOMAMEcFebruary2016 2ddc c21267d21239 00102ddc40708IqraaaMAINbMAINc1STd2016-02-28ePurchaseg156.00h3741l0o302.23 DWYp000031745r2025-07-15 00:00:00v195.00yBB